000 00414nam a2200193Ia 4500
005 20240823035208.0
008 240823s9999||||xx |||||||||||||| ||und||
020 _a978-81-291-1933-9
041 _aENGLISH
082 _A823.91 Q2
100 _aKusum Chpoora
245 0 _aMastani
250 _a1st
260 _c2012
_bRupa
500 _aYES
650 _aNovel
_bEnglish
942 _cBK
999 _c200104
_d200104